000 00882nam a2200181 a 4500
008 091030s1988 ||||||||||||||||| || u
050 _aASC(01)
100 _aWarren, Dennis M
245 1 0 _aLinking biomedical and indigenous African healthdlivery systems: an assessment of collaborative efforts during the 1980s
260 _aLeiden:
_bASC
_c1988
300 _a13p.
350 _a0.00
500 _aPaper presented at the International Conference on Ethnomedical Systems in Sub-Sahara Africa, Leiden 1-4 June 1988. A Cultural perspective on tradtional medicine and the concept of disease.
650 _aTRADITIONAL MEDICINE--AFRICA, SUB-SAHARAN
650 _aMEDICINE
710 _aAfrica Studies Centre (ASC)
995 _D0.00
_FCBU-MAIN LIBRARY (Kitwe)
_H1
_I0.00
_M1
_UAVAILABLE
_WOct 30, 2009
_ZInternational Publications
999 _c49333
_d49333